000 003630000a22001570004500
001 004681
003 MACL
040 _aMACL
090 _c16674
_d16673
100 _aSingh, V.K.
245 _aGreat women Saints Of Modern India
_cV.K. Singh
260 _aVista International Publishing,
_c2006
350 _a600
650 _aSocial Science
942 _k305
_cBook
999 _c16568
_d16568